000 00337nam a22001217a 4500
008 160505b xxu||||| |||| 00| 0 eng d
020 _a9781416038351
020 _a9781416038351
041 _aeng
080 _a61
245 _aMedical the assistant an applied learning approach:
_cAlexandra P.Young; Deborah B.Proctor;
942 _2udc
_cBK
999 _c1818
_d1818